000 00614nam a2200229Ia 4500
003 OSt
005 20220926034941.0
006 a|||||r|||| 00| 0
007 ta
008 220923b |||||||| |||| 00| 0 eng d
037 _cGeneral Book
040 _aRTL
_cRTL
_beng
041 _2eng
_aeng
082 _aX.5.N3, G2
100 _aWhite L W
_9114542
245 0 _aIndustrial revolution and the economic world of to
260 _c1932
650 _aEconomic condition
700 _a Shanahan E W
_995495
942 _hX.5.N3, G2
_cGB
_2CC
999 _c660857
_d660857